LEADER 01362cam0-22004811i-450- 001 990001158360403321 005 20050726124211.0 035 $a000115836 035 $aFED01000115836 035 $a(Aleph)000115836FED01 035 $a000115836 100 $a20001205d1971----km-y0itay50------ba 101 0 $aita 102 $aIT 105 $ay-------001yy 200 1 $aEsercizi e complementi di analisi matematica$fGiuseppe Zwirner 205 $a5. ed. 210 $aPadova$cCedam$d1971 215 $av.$d24 cm 610 0 $aAnalisi matematica 1$aEsercizi 676 $a515.076 676 $a515 700 1$aZwirner,$bGiuseppe$02130 801 0$aIT$bUNINA$gRICA$2UNIMARC 901 $aBK 912 $a990001158360403321 952 $a3-I-10-(1$b14637$fMA1 952 $aBF-26-0195(1$b10138$fMA1 952 $aD-26-ZES-01-(1$b13210$fMA1 952 $a2-M-10$b10138$fMA1 952 $a1-M-7-(1$b13209$fMA1 952 $aTECN B 396 (1)$b8358 (1)$fFARBC 952 $aTECN B 396 (2)$b8358 (2)$fFARBC 952 $aTECN B 41 (2)$b8580 (2)$fFARBC 952 $aTECN B 41 (1)$b8580 (1)$fFARBC 952 $a13 A 12 16$b27821$fFINBC 952 $a13 A 21 27$b27250$fFINBC 959 $aMA1 959 $aFARBC 959 $aFINBC 962 $a26-01 996 $aEsercizi e complementi di analisi matematica$951620 997 $aUNINA LEADER 01656nam0 22003731i 450 001 UON00269258 005 20231205103748.827 010 $a01-404-3298-1 100 $a20051116d1982 |0itac50 ba 101 $aeng 102 $aGB 105 $a||||0 ||||| 200 1 $aSelections from the Tatler and the Spectator$fRichard Steele and Joseph Addison$gedited with an introduction and notes by Angus Ross 210 $aLondon$aNew York$cPenguin Books$d1982$erist. 1988 215 $a591 p.$d20 cm. 410 1$1001UON00051586$12001 $aPenguin Classics$1210 $aLondon$aParis ; New York$cPenguin Books 606 $aGRAN BRETAGNA$xStoria$x1702-1714$3UONC057769$2FI 606 $aLONDRA$xStoria$xSec. 18.$3UONC057768$2FI 606 $aPERIODICI INGLESI$xSPECTATOR$xSaggi$3UONC057771$2FI 606 $aPERIODICI INGLESI$xTATLER$xSaggi$3UONC057770$2FI 606 $aSaggistica inglese$xSec. 18.$3UONC057767$2FI 620 $aUS$dNew York$3UONL000050 620 $aGB$dLondon$3UONL003044 676 $a824.5$cLetteratura inglese. Periodo della regina Anna, 1702-1745$v21 700 1$aSTEELE$bRichard$3UONV113531$0166003 701 1$aADDISON$bJoseph$3UONV113045$0386935 702 1$aROSS$bAngus$3UONV108254 712 $aPenguin Books$3UONV246450$4650 801 $aIT$bSOL$c20251114$gRICA 899 $aSIBA - SISTEMA BIBLIOTECARIO DI ATENEO$2UONSI 912 $aUON00269258 950 $aSIBA - SISTEMA BIBLIOTECARIO DI ATENEO$dSI Angl IV A STE 04 $eSI LO 69363 5 04 $sBuono 996 $aSelections from the Tatler and the Spectator$91239773 997 $aUNIOR